| 000 | 01004cam a22002413a 4500 | ||
|---|---|---|---|
| 001 | 6326 | ||
| 003 | PGUSA | ||
| 005 | 20140828083131.0 | ||
| 008 | 040801s2004||||xxu|||||s|||||000 1 eng d | ||
| 040 |
_aPGUSA _beng |
||
| 042 | _adc | ||
| 050 | 4 | _aPN | |
| 245 | 1 | 0 |
_aHalf-Hours with Great Story-Tellers : _bArtemus Ward, George Macdonald, Max Adeler, Samuel Lover, and Others _h[electronic resource] / _cVarious |
| 260 |
_bProject Gutenberg, _c2004 |
||
| 505 | 0 | _aGrey dolphin / R.H. Barham -- Moses, the Sassy / A. Ward -- Mr. Columbus Coriander's gorilla -- The fate of young Chubb / M. Adeler -- Boots at the Holly-tree Inn / Charles Dickens -- The enthusiast in anatomy / J. Oxenford -- "The light princess" / G. Macdonald -- Legend of the little weaver / Samuel Lover. | |
| 506 | _aPublic domain in the USA. | ||
| 516 | _aElectronic text | ||
| 653 | _aShort stories | ||
| 653 | _aFiction | ||
| 830 | 0 |
_aProject Gutenberg _v6326 |
|
| 856 | 4 | 0 | _uhttp://www.gutenberg.org/ebooks/6326 |
| 942 | _cEB | ||
| 999 |
_c235649 _d235649 |
||